00993cam a2200313 a 45000010005000000030006000050050017000110080041000280100017000690200027000860200022001130200019001350400023001540420009001770500024001860820012002101000016002222450067002382500022003052600036003273000056003635000029004195050007004485200140004555210018005955210018006136500026006316500022006572443FISKH20250828155232.0881128t19891937nyua j 000 1 eng  a 88038411  a0394944941 (lib. bdg.) a0394844947 (hard) a9780394844947  aDLCcDLCdDLCbeng alcac00aPZ8.3.G276bAn 198900a[E]2191 aSeuss,cDr.10aAnd to think that I saw it on Mulberry Street /cby Dr. Seuss. aPublished in 1989 aNew York :bRandom House,c1937 a38 unnumbered pages :bcolor illustrations ;c29 cm a"A Vanguard Press book." aJ  aA boy imagines a series of incredible sights on his way home from school so that he will have an interesting report to give his father.8 a500 bLexile 8 aJ bRaz-Plus  1aImaginationxFiction. 1aStories in rhyme.